000 00652nam a2200181Ia 4500
008 151018s9999 xx 000 0 und d
082 _bRBASDV20262
_a891.463
100 _aविजया पाटणकर
245 _aरांगोळी आणि हस्तकला
250 _b1
260 _bप्रसाद प्रकाशन मुंबई
_c1985
300 _a66
600 _aविजया पाटणकर
630 _aरांगोळी आणि हस्तकला
700 _aविजया पाटणकर
730 _aरांगोळी आणि हस्तकला
942 _cBOOK
999 _c1020889
_d1020886